00411nam a2200145 a 4500008004100000020001800041050001600059100002000075245007300095250001200168260005000180300001000230350001000240650001500250150817s2001 ||||||||||||||||| || u a9780130196781 aQP 34.5 Smi aSmith, Robert R10aFundamentals of anatomy and physiology.(5th ed.)cby Robert R. Smith a5th ed. aUnited States of AmericabPrentice Hallc2001 a613p. a41.05 aPHYSIOLOGY